000 00533nam a2200193Ia 4500
005 20250326144940.0
008 250326s9999 xx 000 0 und d
020 _a0 566 08 259 4
037 _aTextbook
040 _aFMSL
_beng
_cFMSL
041 _aeng
_2eng
084 _aX:9 P1
_qFMSL
100 _aReilly P
245 0 _aFlexibility at work: balancing the interests of employer and employee
_cReilly P
260 _aUSA
_bUSA, Gower
_c2001
300 _a170p
942 _cTB
_hX:9 P1
999 _c1305758
_d1305758